Регионална библиотека "Любен Каравелов" - Русе

Пьесы (Запис номер 354348)

MARC детайли
000 -Лидер
Контролно поле с фиксирана дължина ncm a22 a 4500
003 - Код на организацията, давaща контролен номер
Контролно поле BLK
005 - Дата и час на последна редакция
Контролно поле 20201007040721.0
008 - Елементи от данни с фиксирана дължина
fixed length control field 200414b bu ||||| |||| 00| 0 bu d
040 ## - Източник на каталожния запис
Идентификатор на билиотеката - собственик на записа BLK
041 ## - Код за език
Код за езика на текст/звукозапис или на отделно заглавие Руски
Код за езика КДБФ Руски
080 ## - УДК
Текстов определител УДК Музика за пиано
УДК код - определител по УДК 786.2
УДК - код + определител 786.2
100 ## - Редна дума - Автор
Автор Сен-Санс, Камий
Авторска отговорност първи автор
R(LIN) 1299
139 ## - Редно поле
Редна дума Сен-Санс, Камий
Авторски знак Сен - С 33
245 ## - Сведения за заглавието
Заглавие Пьесы
Подзаглавни данни Для фортепьяно
Редно поле (дума) К. Сен-Санс ; Состав. К. С. Сорокин
260 ## - Област на издателските данни
9 (RLIN) 211649
Място на издаване, разпространение и проч. Москва
Име на издателя, разпространителя и проч. Гос. муз. изд.
Година на издаване 1960
300 ## - Физическа характеристика
-- 88 с.
Размери/Мащаб 30 см
380 ## - Жанр
Жанр Изкуство
490 ## - СЕРИИ (Колекции)
9 (RLIN) 404877
Име на серия Избранные фортепьянные сочинения иностранных композиторов
650 #0 - Допълнително описание по предмет – тема
9 (RLIN) 291568
Основно описание – тема или топоним Пиано - пиеси
653 #7 - Ключова дума – ненормативна
9 (RLIN) 193749
Ключова дума пиеси за пиано
700 ## - Други автори (авторска отговорност)
9 (RLIN) 1412
Лично име Сорокин, Константин Степанович
Автороска отговорност (Описва отношението между автора и произведението) состав.
852 ## - Местоположение
Форматна сигнатура Цб М ІІ 1442
Фондова буква Хранилище
999 ## - СИСТЕМНИ КОНТРОЛНИ НОМЕРА
Koha biblionumber 354348
Koha biblioitemnumber 354348
942 ## - АРТИКУЛИ
Източник на класификационната схема Universal Decimal Classification
Вид на библиотечния материал Нотни издания
Скрит в OPAC Не
Периодичен библиозапис Да
944 ## - СЪЗДАВАНЕ И РЕДАКЦИЯ на ЗАПИСА
Създаване/Редакция Създаване
Дата на регистрацията/редакция 2020-04-14
Служител, извършил регистрацията/редакцията ГГГ
Наличности
Код за отписване Код за изгубен артикул Източник на класификационната схема Код за повреда Коз за рестрикции Код за отдаване Артикулен № Име на библиотеката - собственик Име на библиотеката, в която се намира в момента Статус (Текущо местоположение) Дата на вписване в системата Местоположение - отдел Цена в лева Инвентарен номер Систематично азбучна сигнатура Баркод Цена в евро Служебен тип на артикула
  Не е изгубен Universal Decimal Classification Не е повреден само за читалня ползва се в читалня 764867 Регионална библиотека "Любен Каравелов" Русе Регионална библиотека "Любен Каравелов" Русе Хранилище 2020-04-26 Основен фонд - ползва се само за читалня 0.88 8439/61 Цб М ІІ 1442 900000005108 0.45 Нотни издания
Vip Innovations Ltd, Rousse, Bulgaria 2025